| 000 | 00827 a2200253 4500 | ||
|---|---|---|---|
| 005 | 20260409093132.0 | ||
| 008 | 260409b |||||||| |||| 00| 0 eng d | ||
| 020 | _a9781787389441 | ||
| 040 |
_aLC _cUNZA _eRDA |
||
| 050 |
_aHF 1413 _bMAN 2024 |
||
| 100 |
_aMangeni, Francis _eauthor |
||
| 245 |
_aBorderless Africa : _ba sceptics guide to the continental free trade area / _cFrancis Mangeni and Andreq Mold. |
||
| 260 |
_aLondon : _bC. Hurst & Company, _c2024. |
||
| 300 |
_axi, 417 pages : _billustrations. |
||
| 336 | _aText | ||
| 337 | _aUnmediated | ||
| 338 | _aVolume | ||
| 504 | _aIncludes bibliographical references and index. | ||
| 650 | _2African Continental Free Trade Area | ||
| 650 |
_2Free trade _z Africa |
||
| 650 |
_2International trade _z Africa |
||
| 700 |
_aMold, Andrew _eauthor |
||
| 942 | _cBOOK | ||
| 999 |
_c216550 _d216550 |
||